Nuestro conocimiento del lenguaje humano : (Registro nro. 6396)

Detalles MARC
000 -CABECERA
campo de control de longitud fija 01538nam a2200385 a 4500
001 - NÚMERO DE CONTROL
campo de control 4988670
003 - IDENTIFICADOR DEL NÚMERO DE CONTROL
campo de control AR-RoIUNI
005 - FECHA Y HORA DE LA ÚLTIMA TRANSACCIÓN
campo de control 20260211111712.0
008 - DATOS DE LONGITUD FIJA--INFORMACIÓN GENERAL
campo de control de longitud fija 980722s1998 cl 100 0 spa
010 ## - NÚMERO DE CONTROL DE LA BIBLIOTECA DEL CONGRESO
Número de control de LC 98173952
020 ## - NÚMERO INTERNACIONAL ESTÁNDAR DEL LIBRO
Número Internacional Estándar del Libro 9567003467
020 ## - NÚMERO INTERNACIONAL ESTÁNDAR DEL LIBRO
Número Internacional Estándar del Libro 9789567003464
035 ## - NÚMERO DE CONTROL DEL SISTEMA
Número de control de sistema 4988670
040 ## - FUENTE DE LA CATALOGACIÓN
Centro catalogador/agencia de origen DLC
Centro/agencia transcriptor
041 0# - CÓDIGO DE LENGUA
Código de lengua del texto/banda sonora o título independiente spa
-- eng
Código de lengua original eng
080 ## - NÚMERO DE LA CLASIFICACIÓN DECIMAL UNIVERSAL
Número de la Clasificación Decimal Universal 81.1
082 00 - NÚMERO DE LA CLASIFICACIÓN DECIMAL DEWEY
Número de clasificación 400
Número de edición 21
100 1# - ENTRADA PRINCIPAL--NOMBRE DE PERSONA
Nombre de persona Chomsky, Noam.
240 10 - TÍTULO UNIFORME
Título uniforme <a href="Our knowledge of human language.">Our knowledge of human language.</a>
Lenguaje de la obra Spanish & English
245 10 - MENCIÓN DE TÍTULO
Título Nuestro conocimiento del lenguaje humano :
Resto del título perspectivas actuales : con un desarrollo introductorio del programa minimalista : conferencia dictada en la Universidad de Concepción, Chile, en noviembre de 1996 /
Mención de responsabilidad, etc. Noam Chomsky ; traducción de German Westphal ; edición de Sally Barros y Emilio Rivano.
250 ## - MENCIÓN DE EDICIÓN
Mención de edición 1. ed., ed. bilingüe.
260 ## - PUBLICACIÓN, DISTRIBUCIÓN, ETC. (PIE DE IMPRENTA)
Lugar de publicación, distribución, etc. [Concepción, Chile] :
Nombre del editor, distribuidor, etc. Ediciones Universidad de Concepción & Bravo y Allende Editores,
Fecha de publicación, distribución, etc. 1998.
300 ## - DESCRIPCIÓN FÍSICA
Extensión 83 p. ;
Dimensiones 21 cm.
336 ## - TIPO DE CONTENIDO
Término de tipo de contenido text
Código de tipo de contenido txt
Fuente rdacontent
337 ## - TIPO DE MEDIO
Nombre/término del tipo de medio unmediated
Código del tipo de medio n
Fuente rdamedia
338 ## - TIPO DE SOPORTE
Nombre/término del tipo de soporte volume
Código del tipo de soporte nc
Fuente rdacarrier
546 ## - NOTA DE LENGUA/LENGUAJE
Nota de lengua/lenguaje English and Spanish on opposite pages.
650 #0 - PUNTO DE ACCESO ADICIONAL DE MATERIA--TÉRMINO DE MATERIA
Término de materia o nombre geográfico como elemento inicial Language and languages
Subdivisión general Congresses.
650 #0 - PUNTO DE ACCESO ADICIONAL DE MATERIA--TÉRMINO DE MATERIA
Término de materia o nombre geográfico como elemento inicial Generative grammar
Subdivisión general Congresses.
906 ## - ELEMENTOS DE DATOS F LOCAL, LDF (RLIN)
a 7
b cbc
c orignew
d 3
e ncip
f 19
g y-gencatlg
942 ## - ELEMENTOS DE PUNTO DE ACCESO ADICIONAL (KOHA)
Fuente del sistema de clasificación o colocación Clasificación Decimal Universal
Tipo de ítem Koha Libros
Existencias
Estado de retiro Estado de pérdida Fuente del sistema de clasificación o colocación Estado dañado Excepción de préstamo Localización permanente Ubicación/localización actual Ubicación en estantería Fecha de adquisición Fuente de adquisición Número de inventario Total de préstamos Signatura topográfica completa Código de barras Fecha visto por última vez Precio válido a partir de Tipo de ítem Koha Nota pública
    Clasificación Decimal Universal     BIBLIOTECA RIOBAMBA BIBLIOTECA RIOBAMBA BIBLIOTECA RIOBAMBA 11/02/2026 Compra 9268   81.1 CHO 9268 11/02/2026 11/02/2026 Libros Desarrollo Evolutivo del lenguaje